000 00854nas a2200277 4500
001 BR0901027
003 BR-BrBNA
005 20231205113140.0
007 ta
008 230509b bl.|||p| |||| 00| 00por d
040 _aBR-BrBNA
_bpor
_cBiblioteca Nacional de Agricultura
041 _a(Pt)
072 _aL02; L70
100 1 _aVaz, A.K.
100 1 _aFurtado, A.C.
100 1 _aMarca, A.
100 1 _aPaterno, M.R.
245 1 _aQualidade do colostro bovino e transferência de imunidade aos bezerros recém-nascidos na região de Lages-SC
650 _aBEZERRO
650 _aIMUNIDADE
650 _aIMUNOGLOBULINA
650 _aCOLOSTRO
773 0 _tRevista de Ciências Agroveterinárias (Brazil)
_xISSN 1676-9732
_g(Jul-Dec 2004), v. 3(2) p. 116-120
_wBR0901027
909 _a202311
_bLúcia
_c55
_dLúcia Elande
942 _2AGRIS
_n0
_cANA
999 _c202116
_d202116